Catalogue de la Bibliothèque de l'ENSA

Rétrospective des comptes économiques de 1963 à 2001 (notice nᵒ 17126)

détails MARC
000 -LEADER
fixed length control field 00544nam a2200181Ia 4500
020 ## - ISBN
ISBN 9961-79-205-X
037 ## - SOURCE D'ACQUISITION
Cote BC_1393 32/A-B
040 ## - SOURCE DU CATALOGAGE
Origine cataloguage BC-ENSA
Langue du catalogage fre
041 ## - CODE DE LANGUE
Langue Français
110 ## - AUTEUR MORAL
Nom de collectivité Office national des statistiques
245 ## - MENTION DU TITRE
Titre Rétrospective des comptes économiques de 1963 à 2001
260 ## - PUBLICATION, DIFFUSION, ETC. (ADRESSE BIBLIOGRAPHIQUE)
Nom de l'éditeur ONS
Lieu d'édition Alger
Année d'édition 2003
300 ## - DESCRIPTION MATÉRIELLE
Illustration ill.
Nombre de pages 101 p.
Format 30 cm
562 ## - NOTE D'IDENTIFICATION DES EXEMPLAIRES ET VERSIONS
Numbre d' exemplaire exemplaire(s)
942 ## - ADDED ENTRY ELEMENTS (KOHA)
Type document Ouvrage
490 ## - MENTION DE COLLECTION
Titre Collection Série E : statistiques économiques
653 ## - DESCRIPTEUR LIBRE
Mots clés libres PRODUCTION INTERIEURE/COMPTABILITE NATIONALE/REVENU NATIONAL
Exemplaires
statut de retrait Statut emplacement permanent Localisation actuelle Cote code à barre Koha type d'élément
    Bibliothèque Centrale Bibliothèque Centrale BC_1393 32/A BC_1393 32/A Ouvrage
    Bibliothèque Centrale Bibliothèque Centrale BC_1393 32/B BC_1393 32/B Ouvrage

Adresse: Ecole Nationale Supérieure Agronomique Hassen Badi - El Harrach Alger, Algérie

Tél +213 (0) 23 82 85 07+213 (0) 23 82 85 12 Fax +213 23 82 85 03/04 Courriel: bibliotheque@edu.ensa.dz